| 000 | 00523nam a22001697a 4500 | ||
|---|---|---|---|
| 008 | 160929b xxu||||| |||| 00| 0 eng d | ||
| 020 | _a9712711234 | ||
| 082 |
_22001 _aDFil 658.8 _bL29 |
||
| 100 |
_915419 _aLao, Felix M., Jr. |
||
| 245 |
_aPrinciples of marketing/ _cFelix M. Lao Jr. |
||
| 250 | _aFirst edition | ||
| 260 |
_aPasig City: _bAnvil Publishing, House, _cc2001. |
||
| 300 |
_ai, 293 pages: _billustrations; _c26 cm. |
||
| 500 | _aIncludes glossary and index. | ||
| 650 | 0 |
_915420 _aMarketing |
|
| 942 |
_2ddc _cDFIL |
||
| 999 |
_c4892 _d4892 |
||